Environmental impact assessment: (Record no. 1434975)

MARC details
000 -LEADER
fixed length control field 00831nam a22002417a 4500
005 - DATE AND TIME OF LATEST TRANSACTION
control field 20250829115921.0
008 - FIXED-LENGTH DATA ELEMENTS--GENERAL INFORMATION
fixed length control field 250829b |||||||| |||| 00| 0 eng d
020 ## - INTERNATIONAL STANDARD BOOK NUMBER
International Standard Book Number 81-89640-13-5 (hbk)
037 ## - SOURCE OF ACQUISITION
Terms of availability TB
040 ## - CATALOGING SOURCE
Original cataloging agency CRL
Transcribing agency CRL
041 ## - LANGUAGE CODE
Source of code eng
Language code of text/sound track or separate title eng
084 ## - COLON CLASSIFICATION NUMBER
Classification number G:55.2 P7
Assigning agency CRL
245 ## - TITLE STATEMENT
Title Environmental impact assessment:
Remainder of title Indo - Australian perspective
260 ## - PUBLICATION, DISTRIBUTION, ETC.
Place of publication, distribution, etc. New Delhi, India:
Name of publisher, distributor, etc. Bookwell,
Date of publication, distribution, etc. 2007.
300 ## - PHYSICAL DESCRIPTION
Extent xxxi, 293p.
650 ## - SUBJECT ADDED ENTRY--TOPICAL TERM
Topical term or geographic name entry element Environmental Science Biology
9 (RLIN) 47528
650 ## - SUBJECT ADDED ENTRY--TOPICAL TERM
Topical term or geographic name entry element Biology
700 ## - ADDED ENTRY--PERSONAL NAME
Personal name Ta'i, Behnam
Relator term editor.
9 (RLIN) 300196
700 ## - ADDED ENTRY--PERSONAL NAME
Personal name Murphy, Peter
Relator term editor.
700 ## - ADDED ENTRY--PERSONAL NAME
Personal name Rana, P. S.
Relator term editor.
9 (RLIN) 819374
942 ## - ADDED ENTRY ELEMENTS (KOHA)
Source of classification or shelving scheme Colon Classification (CC)
Koha item type Textbook
Classification part G:55.2 P7
Suppress in OPAC No

No items available.

Copyright @ Delhi University Library System